| 000 | 00623nam a2200169Ia 4500 | ||
|---|---|---|---|
| 008 | 140609s9999 xx 000 0 und d | ||
| 020 | _a9789715032421 | ||
| 050 |
_aBX 2350.2 _b.L762 2004 |
||
| 100 | _aLinzey, Verna M. | ||
| 245 | 4 |
_aThe Baptism with the Holy Spirit : _bthe reception of the Holy Spirit as confirmed by speaking in tongues / _cVerna M Linzey ; foreword by Russell P Spittler |
|
| 260 |
_aPasig City, Philippines : _bICI Ministries, inc., _cc2004. |
||
| 300 |
_a180 p. ; _c23 cm. |
||
| 500 | _aIncludes appendices and bibliographical references. | ||
| 521 | _aGE | ||
| 942 |
_kFOR _cBK |
||
| 999 |
_c118165 _d118165 |
||